000 00972nam a22002657a 4500
999 _c347151
_d347151
003 BLK
005 20230925135526.0
008 191211b bu ||||| |||| 00| 0 bu d
020 _a9789544801205
040 _aBLK
041 _aBUL
_cBUL
080 _aАнглоканадска литература
_b821.111(71)
_x-312.4
_z821.111(71)-312.4
100 _aВърмет, Катерина
_eпърви автор
_91299
139 _aВърмет, Катерина
_bВ 97
245 _aПразнината
260 _9210075
_aСофия
_bЖар
_c2018
300 _a351 с.
_c21 см
380 _aX
700 _9966
_aСтоева, Мария
_eпрев.
700 _91311
_aСакалова, Златина
_eред.
700 _91311
_aДжуброва, Симеона Николова
_eред.
700 _9390420
_aВарнелиева, Мария
_eкор.
942 _cKNG
_n0
_s1
_014
944 _aCR
_c2019-12-11
_k30564
_lГалина Якимова